000 08091nai a22001937a 4500
003 OSt
005 20170816083502.0
008 170209b xxu||||| |||| 00| 0 eng d
040 _aBMC
_cBMC
082 _a909.08
245 0 3 _aLa aventura de la historia
_b: enero
_cJavier Villalba, editor
260 _aMadrid
_bGrupo Unidad
_c2002
300 _a114 p.
_c28 cm
490 _aLa aventura de la historia
_v39, año 4
505 _aLos reyes católicos.- Los mercenarios hispanos en el Mediterráneo.- Churchill, un líder para tiempos difíciles.-
650 2 4 _93435
_aHistoria moderna
700 1 _920715
_aVillalba, Javier‏
942 _2ddc
_cPR
_hprozim
999 _c27145
_d27145